| 000 | 00846nam a2200277Ia 4500 | ||
|---|---|---|---|
| 003 | OSt | ||
| 005 | 20220926020320.0 | ||
| 006 | a|||||r|||| 00| 0 | ||
| 007 | ta | ||
| 008 | 220923b |||||||| |||| 00| 0 eng d | ||
| 020 |
_a9780415625562 _c2252.8899999999999 |
||
| 037 |
_bBBS/43, 12/09/2013, Better Book Service _cGeneral Book |
||
| 040 |
_aRTL _cRTL _beng |
||
| 041 |
_2eng _aeng |
||
| 082 | _aNB,5, P8;Q3 | ||
| 100 | _aBENTON-SHORT Lisa | ||
| 245 | 0 | _aCities and nature | |
| 250 | _a2nd | ||
| 260 |
_aNew York _bRoutledge _c2013 |
||
| 300 |
_axxi, 521p _ccm. |
||
| 500 | _aBibliography: 153-167p | ||
| 650 | _aGeography | ||
| 700 |
_a RENNIE-SHORT John _9324142 |
||
| 942 |
_hNB,5, P8;Q3 _cGB _2CC |
||
| 999 |
_c633974 _d633974 |
||